| 000 | 01655cam a2200373 i 4500 | ||
|---|---|---|---|
| 001 | 1303637661 | ||
| 003 | SIRSI | ||
| 005 | 20240613112742.0 | ||
| 008 | 220315t20212021nyua j 000 1 eng d | ||
| 020 |
_a9781338768084 _q(paperback) |
||
| 020 |
_a1338768085 _q(paperback) |
||
| 040 |
_aUUC _beng _cUUC _dOCLCO _dOCLCF _dXY4 _dOCLCO _dOCLCL |
||
| 092 |
_aPBJ _bPOKEMON |
||
| 100 | 1 |
_aWest, Tracey, _d1965- _eauthor. |
|
| 245 | 1 | 0 |
_aGo west, young Ash ; _bAsh Ketchum, Pokemon detective / _cadapted by Tracey West. |
| 246 | 3 | 0 | _aAsh Ketchum, Pokemon detective. |
| 260 |
_aNew York, New York : _bScholastic Inc., _cc2021. |
||
| 264 | 1 |
_aNew York, New York : _bScholastic Inc., _c[2021] |
|
| 264 | 4 | _cc2021. | |
| 300 |
_a85, 83 pages : _billustrations ; _c20 cm. |
||
| 336 |
_atext _btxt _2rdacontent. |
||
| 336 |
_astill image _bsti _2rdacontent. |
||
| 337 |
_aunmediated _bn _2rdamedia. |
||
| 338 |
_avolume _bnc _2rdacarrier. |
||
| 490 | 0 | _aPokemon. | |
| 500 | _aText bound back-to-back and inverted. | ||
| 520 | _aAsh, Pikachu, and friends travel through the deep, dark forest on their way to the Wild West, encountering a theft, a rescue, and a mystery to solve along the way.Ash, go! Is a Pokemon lost, missing or acting strange? Ash Ketchum, Pokemon P.I., is on the case. With the help of is friends and trusty sidekick, Pikachu, Ash is solving mysteries involving Pokemon like Hoothoot, Spinarak and Stantler. | ||
| 650 | 0 |
_aPokemon (Fictitious characters) _vJuvenile fiction. |
|
| 650 | 0 |
_aAnimals, Mythical _vJuvenile fiction. |
|
| 650 | 0 |
_aFriendship _vJuvenile fiction. |
|
| 650 | 0 | _aUpside-down books. | |
| 830 | 0 | _aPokemon. | |
| 942 | _cBK | ||
| 999 |
_c29865 _d29863 |
||